Una familia de héroes; narraciones mexicanas, libro de lectura para niños.
Saved in:
| Main Author: | |
|---|---|
| Format: | Book |
| Language: | Spanish |
| Published: |
México
Edit. Nacional
1959
|
| Textbook Catalogue: | MANES: Library Catalog Search Result |
| Textbook Classification: |
|
| Tags: |
Add Tag
No Tags, Be the first to tag this record!
|
| Added to: | 2018-03-28 |
| Changed in: | 2018-03-29 |
MARC
| LEADER | 00000nam a2200000 4500 | ||
|---|---|---|---|
| 005 | 20180329232356.0 | ||
| 008 | 180329b xxu||||| |||| 00| 0 spa d | ||
| 040 | |a centro_manes |c universidad_colima | ||
| 100 | |9 11245 |a Torres Quintero, Gregorio | ||
| 245 | |a Una familia de héroes; narraciones mexicanas, libro de lectura para niños. | ||
| 260 | |a México |b Edit. Nacional |c 1959 | ||
| 300 | |a 288 p. |c 17 cm. | ||
| 500 | |a Aparece: Francisco Ziga, "Bibliografía Pedagógica. Libros de texto para enseñanza primaria:1850-1970 V. Libros de Historia" en Boletín del Instituto de Investigaciones Bibliográficas 1981-1982, Biblioteca Nacional, Hemeroteca Nacional, Universidad Nacional Autónoma de México, Nos. 18 - 19,p. 106. |a ils. (Colección Económica, No. 814). | ||
| 546 | |a México | ||
| 690 | 0 | |a HI | |
| 691 | 0 | |a PRI | |
| 942 | |2 ddc |c BK | ||
| 999 | |c 50404 |d 50404 | ||
| 999 | |c manes:50404 |d 50404 | ||